Eva Luna /

Sullo sfondo di un paese oppresso dalla dittatura, un'indimenticabile figura di donna nata dalla grande tradizione del romanzo picaresco spagnolo, in un libro che è insieme storia d'amore, quadro d'ambiente e romanzo d'avventura.

Sparad:
Bibliografiska uppgifter
Huvudupphov: Allende, Isabel (Författare, medförfattare)
Övriga upphov: Morino, Angelo (Översättare)
Materialtyp: Bok
Språk:italienska
Utgiven: Milano : Feltrinelli, 1989
Serie:Universale economica ; 1076
Taggar: Lägg till en tagg
Inga taggar, Lägg till första taggen!

MARC

LEADER 00000nam a22000007i 4500
001 IT\ICCU\RAV\1249105
003 ItRI
005 20260115231858.0
008 040921s1989 it |||||| |||||1|||||c
020 |a 880781076X 
020 |a 9788807810763 (50. ed. 2008) 
040 |b ita  |c importazione bologna sebina 
041 7 |a ita  |2 ISO-639-2 
082 |a 863.64  |9 NARRATIVA SPAGNOLA, 1945-1999  |2 21 
100 1 |a Allende, Isabel  |0 IT\ICCU\CFIV\016588  |4 aut 
240 1 0 |a Eva Luna  |3 IT\ICCU\CFI\0119349  |9 Allende, Isabel 
245 1 0 |a Eva Luna /  |c Isabel Allende ; traduzione di Angelo Morino. 
260 |a Milano :  |b Feltrinelli,  |c 1989 
300 |a 266 p. ;  |c 20 cm 
520 |a Sullo sfondo di un paese oppresso dalla dittatura, un'indimenticabile figura di donna nata dalla grande tradizione del romanzo picaresco spagnolo, in un libro che è insieme storia d'amore, quadro d'ambiente e romanzo d'avventura. 
700 1 |a Morino, Angelo  |0 IT\ICCU\CFIV\011742  |4 trl 
830 0 |a Universale economica ;  |v 1076  |0 IT\ICCU\CFI\0001103 
942 |2 ddc  |c BK  |n 0 
952 |0 0  |1 0  |4 0  |6 DOC_863_440000000000000_ALL  |7 0  |9 15070  |a BO  |b BO  |d 2026-01-15  |i 10353  |l 0  |o DOC 863.44 ALL  |p BO10353  |r 2026-01-15 23:18:58  |w 2026-01-15  |x [Sebina 5] [1 v.]  |y BK  |z 1 v. 
999 |c 12967  |d 12967